Guess the Anime Quiz Stats

 Plays Quiz not verified by Sporcle

Score 0/100 Timer 20:00
0 Plays Today
% Correct
Death Note
92%
Pokémon
91.7%
One Piece
90.5%
Naruto
90.3%
Attack on Titan
86.2%
Fullmetal Alchemist
86.1%
Tokyo Ghoul
85.2%
Code Geass
84.8%
Soul Eater
83.6%
Sword Art Online
82%
Free!
79.5%
Cowboy Bebop
79.4%
Food Wars
79.3%
Blue Exorcist
79.1%
Parasyte
78.3%
Yu-Gi-Oh
78%
Hunter x Hunter (2011)
77.2%
Re:Zero Starting Life from another World
76.6%
Noragami
74.8%
Another
74.8%
Kuroko no Basket
73.2%
Black Butler
72.8%
Neon Genesis Evangelion
72.1%
One Punch Man
71.4%
Fairy Tail
70.6%
Yuri!! on Ice
70.5%
Bleach
69.6%
Mirai Nikki
69.4%
The Seven Deadly Sins
67.4%
Gintama
67.3%
Clannad
67.1%
Assassination Classroom
66.8%
Hellsing
66.3%
Haikyuu!!
65.2%
% Correct
Steins;Gate
65.2%
Magi:The Labyrinth of Magic
64.9%
My Hero Academia
64.2%
Overlord
63.9%
No Game No Life
63.7%
Death Parade
63.2%
Lucky Star
61.6%
Jojo's Bizarre Adventure
61.2%
Akame ga Kill!
61%
K-On!
58.1%
Owari no Seraph
58%
Kill la Kill
57.7%
Angel Beats!
57.2%
Tengen Toppa Gurren Lagann
57%
Ouran Highschool Host Club
55.4%
Deadman Wonderland
54.2%
Your Lie in April
53.7%
Mahou Shoujo Madoka Magica
53.2%
ERASED
50.9%
Mob Psycho 100
49.3%
Samurai Champloo
48.1%
Guilty Crown
47.8%
Nisekoi
47.3%
Black Lagoon
46.5%
The Devil is a Part Timer!
46%
DanMachi
45.4%
Fruits Basket
45.2%
Sailor Moon
45.1%
Psycho-Pass
44.8%
Cardcaptor Sakura
44.7%
Baccano
44.7%
Fate Zero
43.9%
Plastic Memories
43.6%
Charlotte
43.3%
% Correct
Katekyo Hitman Reborn!
42.3%
KonoSuba God's Blessing on This Wonderful World
41.9%
Blood Lad
40.6%
Black Bullet
38.6%
Mahouka Koukou no Rettousei
38.6%
Durarara
37.7%
Hyouka
37%
Eureka Seven
36.5%
A Certain Magical Index
36%
Trigun
35.8%
Kekkai Sensen
32.2%
Claymore
31.9%
Darker than Black
31.7%
Bungou Stray Dogs
31.6%
No.6
30.2%
Ghost in the Shell
28.3%
Servamp
26.7%
Sakurasou no Pet na Kanojo
25.4%
Log Horizon
24.9%
Special A
24.8%
D-Gray Man
24.6%
Ajin
24.4%
Pandora Hearts
24%
Bakuman
23.7%
The Asterisk War
23.5%
Baka and Test Summon the beast
23.2%
ReLIFE
22.7%
God Eater
21.8%
Hamatora the Animation
18.2%
Zetsuen no Tempest
12.6%
Luck and Logic
11.6%
Rewrite
9.5%

You're not logged in!

Compare scores with friends on all Sporcle quizzes.
OR
Log In

Show Comments

Extras

Created Jul 12, 2017ReportNominate
Tags:Anime Quiz

Top Quizzes Today


Score Distribution

Your Account Isn't Verified!

In order to create a playlist on Sporcle, you need to verify the email address you used during registration. Go to your Sporcle Settings to finish the process.

Report this User

Report this user for behavior that violates our Community Guidelines.

Details: